| 000 | 00497nam a2200121Ia 4500 | ||
|---|---|---|---|
| 008 | 231221s9999 xx 000 0 und d | ||
| 041 | _aEnglish | ||
| 082 | _aQPBHUG20-9946 | ||
| 245 | 0 | _aBeverage brew and wine studies [e resource : question paper] : Second sem BBA HEM (ESA) Dec 2020 (UM19BH153) | |
| 260 |
_c2020 _bPES University _aBangalore |
||
| 650 | _aFood,Beverage,Service-IV,Hotel,Management,,Paper-4.2,(Semester,Scheme),[e,paper],Fourth,BHM,degree,exam,,Apr/May,12,(AS372) | ||
| 942 | _cDL | ||
| 999 |
_c237552 _d237552 |
||